Reason will prevail (Record no. 75414)

MARC details
000 -LEADER
fixed length control field 00938cab a2200193 4500
001 - CONTROL NUMBER
control field L130043
008 - FIXED-LENGTH DATA ELEMENTS--GENERAL INFORMATION
fixed length control field 050617n2005 000 0 eng u
035 ## - SYSTEM CONTROL NUMBER
System control number (Sirsi) u130043
041 ## - LANGUAGE CODE
Language code of text/sound track or separate title eng
100 ## - MAIN ENTRY--PERSONAL NAME
Personal name Murdoch, Sandi
245 ## - TITLE STATEMENT
Title Reason will prevail
260 ## - PUBLICATION, DISTRIBUTION, ETC.
Date of publication, distribution, etc. 2005
490 ## - SERIES STATEMENT
Series statement Estates Gazette
Volume/sequential designation (0522) 4 June 2005, 131(1)
520 ## - SUMMARY, ETC.
Summary, etc. Argues that a landlord's grounds for refusing consent to a subletting in commercial property should be reasonable rather than justifiable as shown in the judgment from the case, "NCR Ltd v Riverland Portfolio No 1 Ltd (No 2)" ([2005] EWCA Civ 312, 21 March 2005, L130045). The covenant strength of a subtenant can be relevant if this is shown to affect the present value of the reversion.
590 ## - LOCAL NOTE (RLIN)
Local note IKA210605
650 ## - SUBJECT ADDED ENTRY--TOPICAL TERM
Topical term or geographic name entry element NCR LTD V RIVERLAND PORTFOLIO NO 1 LTD
690 ## - LOCAL SUBJECT ADDED ENTRY--TOPICAL TERM (OCLC, RLIN)
Topical term or geographic name as entry element PROPERTY-COMMERCIAL PROPERTY-LEASEHOLD COMMERCIAL PROPERTY-COMMERCIAL LANDLORD AND TENANT
942 ## - ADDED ENTRY ELEMENTS (KOHA)
Suppress in OPAC 0
Holdings
Withdrawn status Lost status Source of classification or shelving scheme Damaged status Not for loan Home library Current library Shelving location Date acquired Total Checkouts Full call number Barcode Date last seen Copy number Price effective from Koha item type
    Dewey Decimal Classification     London London Journal article 17/06/2005   L130043 130043-1001 06/08/2019 1 06/08/2019 Journal article